书目信息 |
| 题名: |
大学英语:泛读 1
|
|
| 作者: | 张砚秋 主编 | |
| 分册: | ||
| 出版信息: | 上海 上海外语教育出版社 1997.03 |
|
| 页数: | 173页 | |
| 开本: | 16开 | |
| 丛书名: | ||
| 单 册: | ||
| 中图分类: | H319.4 | |
| 科图分类: | ||
| 主题词: | 英语 | |
| 电子资源: | ||
| ISBN: | 7-81046-161-3 | |
| 000 | 00554nam0 2200193 45 | |
| 001 | 0012101172 | |
| 005 | 20001210150553.1 | |
| 010 | @a7-81046-161-3@d9.80元 | |
| 100 | @a20001210d1997 km y0chiy0120 ea | |
| 101 | 0 | @achi |
| 105 | @a z 000yy | |
| 200 | 1 | @a大学英语:泛读 1@ADa Xue Ying Yu:Fan Du 1@f张砚秋主编@FZhang Yan Qiu Zhu Bian |
| 210 | @a上海@c上海外语教育出版社@d1997.03 | |
| 215 | @a173页@d16开 | |
| 606 | 0 | @a英语 |
| 690 | @aH319.4@v3 | |
| 701 | 0 | @a张砚秋@4主编 |
| 801 | @aCN@bPftUser@c20001210 | |
| 905 | @b302845-848@dH319.4@eD257=2/1:1@f4 | |
| 大学英语:泛读 1/张砚秋主编.-上海:上海外语教育出版社,1997.03 |
| 173页;16开 |
| ISBN 7-81046-161-3:9.80元 |
| ● |
| 相关链接 |
|
|
|
正题名:大学英语:泛读1
索取号:H319.4/D257=2/1:1
 
预约/预借
| 序号 | 登录号 | 条形码 | 馆藏地/架位号 | 状态 | 备注 |
| 1 | 302845 | 203028455 | 自科二线504/504自科库 45排2列4层/ [索取号:H319.4/D257=2/1:1] | 在馆 | |
| 2 | 302846 | 203028464 | 自科二线504/504自科库 45排2列4层/ [索取号:H319.4/D257=2/1:1] | 在馆 | |
| 3 | 302847 | 203028473 | 自科二线504/504自科库 45排2列4层/ [索取号:H319.4/D257=2/1:1] | 在馆 | |
| 4 | 302848 | 203028482 | 自科二线504/504自科库 45排2列4层/ [索取号:H319.4/D257=2/1:1] | 在馆 |